书目信息 |
| 题名: |
长寿人生
|
|
| 作者: | 斯科特 , 格拉顿 著 ;舍其 译 | |
| 分册: | ||
| 出版信息: | 北京 中信出版集团股份有限公司 2021.6 |
|
| 页数: | 288页 | |
| 开本: | 24cm | |
| 丛书名: | ||
| 单 册: | ||
| 中图分类: | B848.4 , C913.3 | |
| 科图分类: | ||
| 主题词: | 成功心理--通俗读物 , 生活方式--通俗读物 | |
| 电子资源: | ||
| ISBN: | 978-7-5217-2220-8 | |
| 000 | 01725nam0 2200337 45 | |
| 001 | 012001004289 | |
| 005 | 20141015074614.0 | |
| 010 | @a978-7-5217-2220-8@b精装@dCNY68.00 | |
| 100 | @a20201118d2020 em y0chiy0110 ea | |
| 101 | 1 | @achi@ceng |
| 102 | @aCN@b110000 | |
| 105 | @ay z 000yy | |
| 106 | @ar | |
| 200 | 1 | @a长寿人生@Achang shou ren sheng@e如何在长寿时代美好地生活@f(英)安德鲁·斯科特(Andrew Scott), (英)琳达·格拉顿(Lynda Gratton)著@g舍其译 |
| 210 | @a北京@c中信出版集团股份有限公司@d2021.6 | |
| 215 | @a288页@d24cm | |
| 300 | @a并列题名:The new long life | |
| 300 | @a其他题名:如何在长寿时代美好地生活 | |
| 312 | @a书名原文:The new long life:A framework for flourishing in a changing world | |
| 330 | @a这是一本指导人们放眼未来,拥抱变化,重新规划人生的书。它是伦敦商学院管理实践教授琳达·格拉顿(Lynda Gratton)和伦敦商学院经济学教授、斯坦福大学长寿研究中心咨询学者安德鲁·斯科特(Andrew Scott)合著的作品,《百岁人生》的续作。随着科技的发展,医疗水平的提升是必然,人类平均寿命增加已成为显而易见的事实。展望未来,更长寿的人生,社会将发生怎样的变化?对人们的生活将产生哪些影响?一些传统行业可能被人工智能所取代,我们的人际关系也会发生相应的变化。针对未来的种种可能,本书从职业发展、学习和改变、人际关系等多个角度进行剖析,给出应对方案。 | |
| 510 | 1 | @aThe new long life@eA framework for flourishing in a changing world@zeng |
| 517 | 1 | @a如何在长寿时代美好地生活 |
| 606 | 0 | @a成功心理@j通俗读物 |
| 606 | 0 | @a生活方式@j通俗读物 |
| 690 | @aB848.4@v5 | |
| 690 | @aC913.3@v5 | |
| 701 | 1 | @c(英)@a斯科特@Asi ke te@gScott, A.@4著 |
| 701 | 1 | @c(英)@a格拉顿@Age la dun@gGratton, L.@4著 |
| 702 | 0 | @a舍其@Ashe qi@4译 |
| 801 | @aCN@bAHXH@c20210922 | |
| 905 | @b1360318-22@dB848.4@e4273@f5 | |
| 长寿人生:如何在长寿时代美好地生活/(英)安德鲁·斯科特(Andrew Scott), (英)琳达·格拉顿(Lynda Gratton)著/舍其译.-北京:中信出版集团股份有限公司,2021.6 |
| 288页;24cm |
| 并列题名:The new long life.-其他题名:如何在长寿时代美好地生活 |
| ISBN 978-7-5217-2220-8(精装):CNY68.00 |
| 这是一本指导人们放眼未来,拥抱变化,重新规划人生的书。它是伦敦商学院管理实践教授琳达·格拉顿(Lynda Gratton)和伦敦商学院经济学教授、斯坦福大学长寿研究中心咨询学者安德鲁·斯科特(Andrew Scott)合著的作品,《百岁人生》的续作。随着科技的发展,医疗水平的提升是必然,人类平均寿命增加已成为显而易见的事实。展望未来,更长寿的人生,社会将发生怎样的变化?对人们的生活将产生哪些影响?一些传统行业可能被人工智能所取代,我们的人际关系也会发生相应的变化。针对未来的种种可能,本书从职业发展、学习和改变、人际关系等多个角度进行剖析,给出应对方案。 |
| ● |
| 相关链接 |
|
|
|
|
正题名:长寿人生
索取号:B848.4/4273
 
预约/预借
| 序号 | 登录号 | 条形码 | 馆藏地/架位号 | 状态 | 备注 |
| 1 | 1360318 | 213603180 | 第一样本阅览室/ [索取号:B848.4/4273] | 在馆 | |
| 2 | 1360319 | 213603199 | 教育系资料室/ [索取号:B848.4/4273] | 在馆 | |
| 3 | 1360320 | 213603206 | 教育系资料室/ [索取号:B848.4/4273] | 在馆 | |
| 4 | 1360321 | 213603215 | 第一借阅区/ [索取号:B848.4/4273] | 在馆 | |
| 5 | 1360322 | 213603224 | 第一借阅区/ [索取号:B848.4/4273] | 在馆 |